[Event "EJCOA IM 3rd"]
[Site "Ilkley"]
[Date "2022.02.27"]
[Round "9.3"]
[White "Han, Yichen"]
[Black "Willow, Jonah B"]
[Result "0-1"]
[WhiteElo "2347"]
[BlackElo "2365"]
[PlyCount "144"]
[EventDate "2022.02.23"]
[EventType "tourn"]
[EventRounds "9"]
[EventCountry "ENG"]
[EventCategory "4"]
[SourceTitle "BritBase"]
[Source "John Saunders"]
[SourceDate "2021.06.05"]
[SourceVersion "1"]
[SourceVersionDate "2021.06.05"]
[SourceQuality "1"]

1. e4 c5 2. Nf3 Nf6 3. e5 Nd5 4. Nc3 e6 5. g3 Nc6 6. Bg2 d6 7. exd6 Bxd6 8. d4
cxd4 9. Nxd5 Qa5+ 10. Nd2 exd5 11. O-O Be6 12. Nf3 Qb6 13. b3 h6 14. Bb2 Bc5
15. Ne1 O-O 16. Nd3 Rad8 17. Qh5 Nb4 18. Rfd1 Nxd3 19. Rxd3 Rd6 20. Rad1 Rc8
21. g4 Qd8 22. f4 g6 23. Qh3 h5 24. Bf3 Qf6 25. Qg3 hxg4 26. Bxg4 Bf5 27. Bxf5
Qxf5 28. Qh4 Bb6 29. R1d2 Bd8 30. Qf2 Rxc2 31. Bxd4 Rxd2 32. Qxd2 Bb6 33. Re3
Bxd4 34. Qxd4 Qf6 35. Qxf6 Rxf6 36. Re7 Rb6 37. Rd7 Rb5 38. Kf2 Kg7 39. a4 Rxb3
40. Rxd5 Rb4 41. Ra5 a6 42. Kf3 Kf6 43. Kg4 Kg7 44. Kf3 Kh6 45. f5 g5 46. Rd5
Rxa4 47. Rd7 Rf4+ 48. Kg3 Rxf5 49. Rxb7 Kh5 50. Rb8 Ra5 51. Rh8+ Kg6 52. Rg8+
Kf5 53. Rc8 Ra3+ 54. Kg2 f6 55. h3 Ra2+ 56. Kg3 Ra3+ 57. Kg2 a5 58. Ra8 Kf4 59.
Rc8 Ra2+ 60. Kg1 f5 61. Rc4+ Kg3 62. Rc3+ Kh4 63. Kh1 f4 64. Kg1 a4 65. Kh1 Re2
66. Ra3 Re3 67. Rxa4 Kxh3 68. Kg1 Kg3 69. Ra1 f3 70. Kf1 f2 71. Rd1 g4 72. Ra1
Re1+ 0-1